BIBLIOTECA

SENCICO

Explotación de abastecimientos de agua (Registro nro. 1271)

Detalles MARC
000 -LEADER
fixed length control field 00939nam a2200253Ia 4500
005 - DATE AND TIME OF LATEST TRANSACTION
control field 20251020182505.0
008 - FIXED-LENGTH DATA ELEMENTS--GENERAL INFORMATION
fixed length control field 200515s9999 xx 000 0 und d
020 ## - INTERNATIONAL STANDARD BOOK NUMBER
International Standard Book Number 84-380-0012-6
082 ## - DEWEY DECIMAL CLASSIFICATION NUMBER
Classification number 628.1/M14
110 ## - MAIN ENTRY--CORPORATE NAME
Corporate name or jurisdiction name as entry element Centro de Perfeccionamiento Profesional y Empresarial
245 #0 - TITLE STATEMENT
Title Explotación de abastecimientos de agua
250 ## - EDITION STATEMENT
Edition statement 2a ed.
260 ## - PUBLICATION, DISTRIBUTION, ETC.
Place of publication, distribution, etc. Madrid
260 ## - PUBLICATION, DISTRIBUTION, ETC.
Name of publisher, distributor, etc. CPPE ; Colegio Oficial de Ingenieros de Caminos, Canales y Puertos
260 ## - PUBLICATION, DISTRIBUTION, ETC.
Date of publication, distribution, etc. 1974
300 ## - PHYSICAL DESCRIPTION
Extent 642 p.
300 ## - PHYSICAL DESCRIPTION
Other physical details il., tbl., graf., map.
500 ## - GENERAL NOTE
General note 1 ejemplar
520 ## - SUMMARY, ETC.
Summary, etc. Jornadas de conferencias sobre explotación y abastecimientos de agua llevadas a cabo en Madrid, tienen como objetivo promover el planeamiento, proyecto, construcción y conservación de los abastecimientos y por ende de una adecuada explotación técnica y ec
650 ## - SUBJECT ADDED ENTRY--TOPICAL TERM
Topical term or geographic name entry element ABASTECIMIENTO DE AGUA
650 ## - SUBJECT ADDED ENTRY--TOPICAL TERM
Topical term or geographic name entry element HIDRAULICA
942 ## - ADDED ENTRY ELEMENTS (KOHA)
Koha item type Libros
Existencias
Fecha de la última vez que lo usaron Pago total Signatura topográfica completa Código de barras Precio efectivo desde Tipo de documento Estado perdido Estado dañado No es para préstamo Retirado Ubicación permanente Ubicación actual Fecha de adquisición
15/05/2020   628.1/M14 Bib-Lima15051271 15/05/2020 Libros         Biblioteca Central Lima Biblioteca Central Lima 15/05/2020